Statistics for Legend of Zelda games with “Zelda” in the title

Click here to take the quiz!

General Stats

  • This quiz has been taken 39 times
  • The average score is 19 of 23

Answer Stats

ConsoleGame% Correct
WiiU/SwitchThe Legend of Zelda: Breath of the Wild
100%
N64The Legend of Zelda: Ocarina of Time
100%
N64The Legend of Zelda: Majora’s Mask
97%
GameCube/WiiThe Legend of Zelda: Twilight Princess
97%
NESThe Legend of Zelda
94%
GameBoyThe Legend of Zelda: Link’s Awakening
94%
GameCubeThe Legend of Zelda: The Wind Waker
94%
SNESThe Legend of Zelda: A Link to the Past
91%
WiiThe Legend of Zelda: Skyward Sword
91%
3DSThe Legend of Zelda: Tri Force Heroes
91%
GameBoy ColourThe Legend of Zelda: Oracle of Seasons
88%
DSThe Legend of Zelda: Spirit Tracks
88%
3DSThe Legend of Zelda: A Link Between Worlds
84%
GameBoy ColourThe Legend of Zelda: Oracle of Ages
84%
GBAThe Legend of Zelda: The Minish Cap
84%
NESZelda II: Link’s Adventure
84%
DSThe Legend of Zelda: Phantom Hourglass
81%
Game and WatchZelda
81%
GameCubeThe Legend of Zelda: Four Swords Adventures
72%
CD-iZelda: The Wand of Gamelon
59%
CD-iZelda’s Adventure
44%
SwitchCadence of Hyrule: Crypt of the Necrodancer featuring The Legend of Zelda
41%
3DSMy Nintendo Picross: The Legend of Zelda: Twilight Princess
16%

Score Distribution

Percentile by Number Answered

Percent of People with Each Score

Your Score History

You have not taken this quiz